Name a Valid Country By Clue #1 - Statistics

General Stats
  • This quiz has been taken 99 times
  • The average score is 9 of 20
Answer Stats
Name a country ... Answer % Correct
that starts with B and ends in a vowel Belize | Bolivia | Bosnia And Herzegovina | Botswana | Brunei |Bulgaria | Burundi
96%
with more than 50 tsunamis ever recorded Indonesia | Italy | Japan | United States Of America
90%
with more than 20 murders per 100k people Belize | Brazil | Colombia | Dominican Republic | Honduras |Mexico | Saint Lucia | South Africa
89%
with no rivers Bahrain | Comoros | Djibouti | Kiribati | Kuwait | Libya | Maldives| Malta | Marshall Islands | Monaco | Nauru | Oman | Qatar | Saudi Arabia | Tonga | Tuvalu | United Arab Emirates | Vatican City | Yemen
80%
that border Egypt Israel | Libya | Sudan
79%
where Google is banned other than North Korea China | Cuba | Iran | Syria | Vietnam
62%
between 50 million and 75 million people Colombia | France | Italy | Kenya | Myanmar | South Africa |South Korea | Tanzania | United Kingdom
56%
to have had the first photograph France
56%
with the most YouTube subscribers other thanIndia and the United States Of America Brazil | Indonesia | Japan | Mexico | Pakistan
51%
where Tiktok is banned everywhere Afghanistan | India | Iran | Jordan | Syria
48%
with the least precipitation per capita Egypt | Libya | Saudi Arabia | Qatar United Arab Emirates
48%
to have the most overseas territories except the United Kingdom, France, or the United States Of
America
Australia | Denmark | Finland | New Zealand | New Zealand
45%
with the most bread production per year China | Egypt | Germany | Russia | United Kingdom | United States Of America
38%
that’s flag has no red, white, or blue Jamaica
26%
who doesn’t recognize the existence of China Bhutan
17%
with the least amount of cars per capita Central African Republic | North Korea | Republic Of The Congo| Somalia | Sudan
17%
with the most precipitation per capita Colombia | Panama | Papua New Guinea | São Tomé And Principe| Solomon Islands
12%
with the most Olympic medals (8 silver, 5 bronze)but no gold medals Malaysia
2%
that has at least one English speaker but has theleast amount of them Kiribati | Nauru | Palau | Seychelles | Tonga
1%
with the most attended Olympic Games (22) andno medals Monaco
0%
No matching quizzes found
Score Distribution
Percent of People with Each Score
Percentile by Number Answered
Your Score History
You have not taken this quiz